| 000 | 02547nam0a2200409 4500 | ||
|---|---|---|---|
| 001 | RU\NLR\bibl\1178918 | ||
| 005 | 20260405142424.0 | ||
| 010 |
_a978-5-9282-0422-8 _9500 |
||
| 021 |
_aRU _b2007-83858 _94517 |
||
| 035 | _a(nilc)RSL-KNO-003361380 | ||
| 035 | _a(NLR Aleph) 001165543 | ||
| 090 |
_a1564612 _c1564612 |
||
| 100 | _a20071205d2007 |||y0rusy50 ca | ||
| 101 | 0 | _arus | |
| 102 | _aRU | ||
| 105 | _aa zzzz||||| | ||
| 200 | 1 |
_aУправление программами малоэтажного жилищного строительства в условиях формирования рынка доступного жилья _fИ. В. Попова, Б. Б. Хрусталев, В. Е. Герасимов _gМ-во образования и науки Российской Федерации, Федеральное агентство по образованию, Гос. образовательное учреждение высш. проф. образования "Пензенский гос. ун-т архитектуры и стр-ва" |
|
| 210 |
_aПенза _cПГУАС _d2007 |
||
| 215 |
_a185 с. _cил., карт., табл. _d20 |
||
| 300 | _aНа обл.: ПГУАС - 50 лет | ||
| 320 | _aБиблиогр.: с. 147-159 | ||
| 606 | 1 |
_aЖилищное строительство _xУправление _yРоссийская Федерация _92210037 _3RU\NLR\auth\661327634 |
|
| 606 | 1 |
_aМалоэтажные жилые дома _xСтроительство _xУправление _yРоссийская Федерация _92500323 _3RU\NLR\auth\661482989 |
|
| 610 | 0 | _aЭкономика -- Российская Федерация -- Жилищное строительство -- Управление | |
| 610 | 0 | _aмалоэтажное жилищное строительство | |
| 686 |
_aУ9(2)315.441.20-21,0 _2rubbk |
||
| 686 | _aУ31(2)544.12-21(2Р) | ||
| 700 | 1 |
_4070 _8rus _7ca _aПопова _bИ. В. _cканд. экон. наук, экономика недвижимости _f1980- _gИнна Викторовна _3RU\NLR\auth\7740954 _923905 |
|
| 701 | 1 |
_aХрусталев _bБ. Б. _gБорис Борисович _4070 |
|
| 701 | 1 |
_4070 _8rus _7ca _aГерасимов _bВ. Е. _cгос. чиновник, градостроительство _gВиктор Евгеньевич _3RU\NLR\auth\7758346 _941278 |
|
| 801 | 0 |
_aRU _bРКП _c20071205 _grcr |
|
| 801 | 1 |
_aRU _bРГБ _c20071205 |
|
| 801 | 2 |
_aRU _bNLR _c20080123 _grcr |
|
| 942 | _cBOOK | ||
| 980 | _aNB | ||
| 980 | _aNBR | ||